[Event "Titled Tue 20th May Late"]
[Site "chess.com INT"]
[Date "2025.05.20"]
[Round "9"]
[White "Andrade, Ivan"]
[Black "Gurevich, Dmitry"]
[Result "1-0"]
[WhiteTitle "FM"]
[BlackTitle "GM"]
[WhiteElo "2161"]
[BlackElo "2347"]
[WhiteFideId "14800039"]
[BlackFideId "2000407"]
[EventDate "2025.05.20"]

1. e4 c5 2. Nf3 d6 3. d4 cxd4 4. Nxd4 Nf6 5. Nc3 Nc6 6. Nb3 g6 7. f3 Bg7 8. Bg5
O-O 9. Qd2 Be6 10. O-O-O a6 11. g4 Rc8 12. h4 h5 13. Bxf6 Bxf6 14. gxh5 gxh5 15.
Kb1 Ne5 16. Nd4 Kh7 17. Nxe6 fxe6 18. f4 Ng4 19. e5 dxe5 20. Bd3+ Kh6 21. fxe5+ 1-0

[Event "Titled Tue 20th May Late"]
[Site "chess.com INT"]
[Date "2025.05.20"]
[Round "9"]
[White "Morais, Renan de Souza Stockler"]
[Black "Diaz Cesar, Wilsaida Pieranlly"]
[Result "1-0"]
[WhiteTitle "CM"]
[BlackTitle "WFM"]
[WhiteElo "1703"]
[BlackElo "1892"]
[WhiteFideId "2187701"]
[BlackFideId "6403557"]
[EventDate "2025.05.20"]

1. d4 e5 2. dxe5 Nc6 3. Nf3 Qe7 4. e3 Nxe5 5. Nxe5 Qxe5 6. Qd4 Qxd4 7. exd4 Nf6
8. Bg5 d5 9. Nd2 Bd6 10. Bxf6 gxf6 11. O-O-O O-O 12. h4 Bf5 13. Be2 Rae8 14.
Rhe1 c6 15. g4 Bg6 16. h5 Be4 17. f3 Bg3 1-0

[Event "Titled Tue 20th May Late"]
[Site "chess.com INT"]
[Date "2025.05.20"]
[Round "9"]
[White "Schuster, Karsten"]
[Black "Grodotzki, Kenneth"]
[Result "1-0"]
[WhiteTitle "FM"]
[BlackTitle "CM"]
[WhiteElo "2266"]
[BlackElo "1984"]
[WhiteFideId "4611071"]
[BlackFideId "4648560"]
[EventDate "2025.05.20"]

1. d4 f5 2. c4 Nf6 3. Nc3 g6 4. f3 Bg7 5. e4 d6 6. e5 dxe5 7. dxe5 Qxd1+ 8. Kxd1
Nfd7 9. f4 c6 10. Nf3 h6 11. h4 Na6 12. Kc2 Ndc5 13. Be3 Be6 14. a3 Kf7 15. b4
Nd7 16. Be2 Rhd8 17. Nd4 Rac8 18. h5 c5 19. hxg6+ Kxg6 20. Nxe6 1-0

[Event "Titled Tue 20th May Late"]
[Site "chess.com INT"]
[Date "2025.05.20"]
[Round "9"]
[White "Gelman, Alexander"]
[Black "Haug, Havard"]
[Result "0-1"]
[WhiteTitle "IM"]
[BlackTitle "FM"]
[WhiteElo "2403"]
[BlackElo "2354"]
[WhiteFideId "4118316"]
[BlackFideId "1547887"]
[EventDate "2025.05.20"]

1. d4 Nf6 2. Nc3 d5 3. Bf4 a6 4. e3 h6 5. h4 c5 6. Nf3 Bg4 7. Be2 Bxf3 8. Bxf3
cxd4 9. exd4 Nc6 10. Qd2 e6 11. g4 Bd6 12. O-O-O Na5 13. Be2 Bb4 14. f3 Rc8 15.
Be5 Rxc3 16. a3 Nb3+ 0-1

[Event "Titled Tue 20th May Late"]
[Site "chess.com INT"]
[Date "2025.05.20"]
[Round "9"]
[White "Jacobsen, Mikkel Manosri"]
[Black "Kushko, Dmitriy"]
[Result "0-1"]
[WhiteTitle "FM"]
[BlackTitle "IM"]
[WhiteElo "2223"]
[BlackElo "2454"]
[WhiteFideId "1444514"]
[BlackFideId "14162261"]
[EventDate "2025.05.20"]

1. d4 f5 2. Nf3 Nf6 3. Bf4 d6 4. e3 g6 5. h3 Bg7 6. Be2 O-O 7. O-O Qe8 8. c4 Ne4
9. Nfd2 e5 10. Bh2 exd4 11. Nxe4 fxe4 12. exd4 Nc6 13. d5 Bxb2 14. Nd2 Bxa1 15.
Qxa1 e3 16. Nf3 Ne7 17. fxe3 Nf5 18. Bf4 Nxe3 19. Bh6 Rf7 20. Re1 Nc2 21. Bd3
Qxe1+ 22. Qxe1 Nxe1 23. Nxe1 Bf5 0-1

[Event "Titled Tue 20th May Late"]
[Site "chess.com INT"]
[Date "2025.05.20"]
[Round "9"]
[White "Klepek, Witold"]
[Black "Bagheri, Maziar"]
[Result "1-0"]
[WhiteTitle "CM"]
[BlackTitle "FM"]
[WhiteElo "2253"]
[BlackElo "2287"]
[WhiteFideId "1175068"]
[BlackFideId "12530913"]
[EventDate "2025.05.20"]

1. c4 Nf6 2. Nf3 g6 3. d4 Bg7 4. g3 O-O 5. Bg2 d6 6. O-O Nc6 7. Nc3 e5 8. d5 Nb8
9. e4 Ne8 10. Ne1 f5 11. Nd3 a5 12. f4 exf4 13. Bxf4 Na6 14. Qd2 Nf6 15. e5 dxe5
16. Bxe5 Re8 17. Rae1 Bd7 18. Kh1 Ng4 19. Bxg7 Kxg7 20. Nf4 Nc5 21. Qd4+ Qf6 22.
Qxc5 b6 23. Qxc7 Rxe1 24. Rxe1 Nf2+ 25. Kg1 Qd4 26. Qe5+ 1-0

[Event "Titled Tue 20th May Late"]
[Site "chess.com INT"]
[Date "2025.05.20"]
[Round "9"]
[White "Pavlidou, Ekaterini"]
[Black "Tayar, Jonathan"]
[Result "0-1"]
[WhiteTitle "WIM"]
[BlackTitle "IM"]
[WhiteElo "2198"]
[BlackElo "2325"]
[WhiteFideId "4213262"]
[BlackFideId "2606534"]
[EventDate "2025.05.20"]

1. d4 Nf6 2. c4 Nc6 3. Nc3 e5 4. d5 Ne7 5. e4 Ng6 6. h3 Bb4 7. Bd3 Bxc3+ 8. bxc3
d6 9. g3 b6 10. Ne2 h6 11. h4 Bg4 12. Be3 Bf3 13. Rg1 Ng4 14. Qd2 Qd7 15. h5 Ne7
16. Nc1 Nf6 17. Be2 Nxe4 18. Qc2 Qg4 19. Rh1 Nf5 20. Qa4+ Kd8 21. Rg1 Bxe2 22.
Nxe2 Qxe2+ 23. Kxe2 Nxc3+ 24. Kd3 Nxa4 25. g4 Nxe3 26. fxe3 Nc5+ 27. Kc3 Ke7 28.
Raf1 Ne4+ 29. Kd3 Ng5 30. e4 Nh3 31. Rg3 Nf4+ 32. Kd2 g6 33. g5 hxg5 34. hxg6 f6 0-1

[Event "Titled Tue 20th May Late"]
[Site "chess.com INT"]
[Date "2025.05.20"]
[Round "9"]
[White "Baskakov, Egor"]
[Black "Tamer Waguih, Farid"]
[Result "1-0"]
[WhiteTitle "CM"]
[BlackTitle "FM"]
[WhiteElo "2215"]
[BlackElo "2206"]
[WhiteFideId "24197866"]
[BlackFideId "10685723"]
[EventDate "2025.05.20"]

1. e4 c5 2. Nf3 Nc6 3. Nc3 g6 4. d4 cxd4 5. Nxd4 Bg7 6. Nde2 d6 7. g3 Nf6 8. Bg2
O-O 9. h3 a6 10. a4 Nd7 11. O-O Nc5 12. Be3 Be6 13. Nd4 Nxd4 14. Bxd4 Bxd4 15.
Qxd4 Qc8 16. Kh2 Qc7 17. f4 f5 18. Rae1 fxe4 19. Nxe4 Bf7 20. Nxc5 dxc5 21. Qe5
Qxe5 22. Rxe5 Rad8 23. Rf2 Rd7 24. Rxc5 Rfd8 25. Re5 Rd2 26. Ree2 Rxe2 27. Rxe2
Rd7 28. a5 Kf8 29. c3 Bd5 30. Rd2 1-0

[Event "Titled Tue 20th May Late"]
[Site "chess.com INT"]
[Date "2025.05.20"]
[Round "9"]
[White "Dogan, Mire Deniz"]
[Black "Albertini, Luca"]
[Result "1-0"]
[WhiteTitle "FM"]
[WhiteElo "2089"]
[BlackElo "2139"]
[WhiteFideId "6317456"]
[BlackFideId "847038"]
[EventDate "2025.05.20"]

1. e4 e5 2. Nf3 Nc6 3. Nc3 Nf6 4. a3 d5 5. Bb5 Nxe4 6. Nxe5 Bd6 7. Nxc6 bxc6 8.
Bxc6+ Bd7 9. Bxa8 Qxa8 10. Nxe4 dxe4 11. O-O O-O 12. d3 f5 13. dxe4 fxe4 14. Be3
Kh8 15. Qh5 Rf5 16. Qh4 Qe8 17. Rad1 Be7 18. Qxe4 Rf6 19. Rd2 Bc6 20. Qe5 Rg6
21. g3 h6 22. Rfd1 Qf7 23. Bf4 Bd6 24. Rxd6 cxd6 25. Rxd6 Qa2 26. Rxc6 Qb1+ 27.
Kg2 Rxc6 28. Qe8+ Kh7 29. Qxc6 Qxc2 30. Qxc2+ 1-0

[Event "Titled Tue 20th May Late"]
[Site "chess.com INT"]
[Date "2025.05.20"]
[Round "9"]
[White "Harsha, Bharathakoti"]
[Black "Badacsonyi, Stanley"]
[Result "1-0"]
[WhiteTitle "GM"]
[BlackTitle "FM"]
[WhiteElo "2532"]
[BlackElo "2289"]
[WhiteFideId "5078776"]
[BlackFideId "486973"]
[EventDate "2025.05.20"]

1. Nf3 Nf6 2. c4 g6 3. Nc3 Bg7 4. e4 d6 5. d4 O-O 6. Be2 e5 7. Be3 Ng4 8. Ng5 f6
9. Bxg4 fxg5 10. Bxc8 Qxc8 11. d5 g4 12. h3 gxh3 13. Rxh3 Nd7 14. g4 Nf6 15. f3
h5 16. Rg3 hxg4 17. fxg4 Nh7 18. Qe2 Qd8 19. g5 Rf4 20. O-O-O Qe7 21. Rh1 Raf8
22. Qh2 Nxg5 23. Qg2 Bf6 24. Rg1 Kg7 25. Ne2 Rxe4 26. Bxg5 Bxg5+ 27. Rxg5 Rxc4+
28. Kb1 Kf7 29. Rxg6 Ke8 30. Re6 1-0

[Event "Titled Tue 20th May Late"]
[Site "chess.com INT"]
[Date "2025.05.20"]
[Round "9"]
[White "Shoboev, Dandar"]
[Black "Moosavifar, Seyed Abolfazl"]
[Result "0-1"]
[WhiteTitle "FM"]
[BlackTitle "FM"]
[WhiteElo "2252"]
[BlackElo "2303"]
[WhiteFideId "44197012"]
[BlackFideId "42548195"]
[EventDate "2025.05.20"]

1. e4 e6 2. d4 d5 3. Bd3 Nf6 4. Nd2 c5 5. dxc5 Bxc5 6. Ngf3 dxe4 7. Nxe4 Nxe4 8.
Bxe4 Qxd1+ 9. Kxd1 Bxf2 10. Ke2 Bb6 11. Bg5 f6 12. Bd2 Nc6 13. Rhd1 e5 14. c4
Bg4 15. h3 Be6 16. b3 O-O-O 17. Be3 Bxe3 18. Kxe3 Kc7 19. Rxd8 Nxd8 20. Rd1 g6
21. Ne1 Nf7 22. Nd3 Rd8 23. Rf1 f5 24. Nc5 Bc8 25. Bc2 b6 26. Nd3 Bb7 27. g3 Be4
28. Nb4 Bxc2 29. Nxc2 Ng5 30. h4 Ne4 31. g4 Ng3 32. Re1 f4+ 33. Kf3 Rd3+ 34. Kg2
Rd2+ 35. Kh3 Rxc2 36. Rxe5 Nf1 37. g5 Ne3 38. Re7+ Kd6 39. Rxh7 f3 40. Rf7 f2
41. h5 gxh5 42. g6 f1=Q+ 43. Rxf1 Nxf1 44. Kh4 Ke6 0-1

[Event "Titled Tue 20th May Late"]
[Site "chess.com INT"]
[Date "2025.05.20"]
[Round "9"]
[White "Barrionuevo, Pablo"]
[Black "Dmitriev, Sergey"]
[Result "1-0"]
[WhiteTitle "IM"]
[BlackTitle "FM"]
[WhiteElo "2215"]
[BlackElo "2312"]
[WhiteFideId "110566"]
[BlackFideId "14101785"]
[EventDate "2025.05.20"]

1. e3 e5 2. Nf3 Nc6 3. d4 e4 4. Nfd2 d5 5. c4 Be6 6. Nc3 Nf6 7. a3 Be7 8. b4
dxc4 9. Bxc4 Bxc4 10. Nxc4 O-O 11. O-O b5 12. Nxb5 Nd5 13. Bd2 a6 14. Nc3 Nxc3
15. Bxc3 Bf6 16. Qb3 Ne7 17. Rac1 Nd5 18. Bb2 Nb6 19. Na5 Nd5 20. Rc5 Ne7 21.
Rfc1 Rc8 22. Qc2 Qd7 23. Qxe4 Rfe8 24. Nc6 Nf5 25. Qd3 Nd6 26. Ne5 Qe6 27. d5
Qe7 28. Nc6 Qd7 29. Bxf6 gxf6 30. f3 Nf5 31. e4 Ng7 32. Nd4 Qd6 33. Rc6 Qf4 34.
Ne2 Qg5 35. Ng3 f5 36. R1c2 fxe4 37. Nxe4 Qf5 38. Qd4 Qg5 39. Nxg5 1-0

[Event "Titled Tue 20th May Late"]
[Site "chess.com INT"]
[Date "2025.05.20"]
[Round "9"]
[White "Ghimoyan, Narek"]
[Black "Grzesik, Gracjan"]
[Result "1-0"]
[WhiteTitle "CM"]
[BlackTitle "CM"]
[WhiteElo "2273"]
[BlackElo "2175"]
[WhiteFideId "13315412"]
[BlackFideId "1194593"]
[EventDate "2025.05.20"]

1. d4 Nf6 2. c4 e6 3. f3 d5 4. cxd5 exd5 5. Nc3 c5 6. e3 Nc6 7. Bb5 cxd4 8. exd4
Bd6 9. Nge2 O-O 10. O-O Bf5 11. Bxc6 bxc6 12. Bf4 Qc7 13. Qd2 c5 14. Bxd6 Qxd6
15. dxc5 Qxc5+ 16. Qd4 Qxd4+ 17. Nxd4 Bd7 18. Rfe1 Rfd8 19. Kf2 Kf8 20. Rad1
Rab8 21. b3 Rbc8 22. Rc1 g6 23. g4 h6 24. h4 Be8 25. Nce2 Ke7 26. Nf4+ Kd6 27.
Nd3 Bd7 28. Kg3 Re8 29. Rxc8 Rxc8 30. Ne5 Be8 31. Nxg6 fxg6 32. Re6+ Kc5 33. Ne2
Rc6 34. Re7 g5 35. hxg5 hxg5 36. Re5 Kd6 37. Rxg5 Rc2 38. Nd4 Rxa2 39. Rf5 Ke7
40. g5 Nh7 41. Re5+ Kf8 42. Rxd5 Bf7 43. Rb5 1-0

[Event "Titled Tue 20th May Late"]
[Site "chess.com INT"]
[Date "2025.05.20"]
[Round "9"]
[White "Khanbutaev, Artemii"]
[Black "Ruiz Aguilar, Pablo Alexander"]
[Result "1-0"]
[BlackTitle "FM"]
[WhiteElo "2059"]
[BlackElo "2141"]
[WhiteFideId "55747175"]
[BlackFideId "4401352"]
[EventDate "2025.05.20"]

1. d4 d5 2. c3 Nf6 3. Bf4 c5 4. e3 Nc6 5. Nf3 Qb6 6. Qb3 c4 7. Qc2 Bf5 8. Qc1 e6
9. Nbd2 Rc8 10. Nh4 Be7 11. Nxf5 exf5 12. Be2 O-O 13. O-O Rfe8 14. b3 cxb3 15.
axb3 g6 16. Qb2 Bf8 17. b4 Nh5 18. Bxh5 gxh5 19. Rfc1 Ne7 20. h3 Ng6 21. Bh2 f4
22. exf4 Re2 23. Re1 Rce8 24. Rxe2 Rxe2 25. Qc2 Bxb4 26. Qd3 Re8 27. cxb4 Qxb4
28. f5 Qb2 29. Rb1 1-0

[Event "Titled Tue 20th May Late"]
[Site "chess.com INT"]
[Date "2025.05.20"]
[Round "9"]
[White "Sklokin, Sergey"]
[Black "Vlassov, Nikolai"]
[Result "0-1"]
[WhiteTitle "FM"]
[BlackTitle "IM"]
[WhiteElo "2311"]
[BlackElo "2291"]
[WhiteFideId "55730230"]
[BlackFideId "4103360"]
[EventDate "2025.05.20"]

1. d4 Nf6 2. c4 Nc6 3. Nf3 e6 4. g3 Bb4+ 5. Nbd2 a5 6. Bg2 d6 7. O-O e5 8. dxe5
dxe5 9. Qc2 O-O 10. Rd1 Qe7 11. e3 Bg4 12. h3 Bh5 13. Rf1 Rfd8 14. Nh4 Be2 15.
Re1 Bd3 16. Qa4 Bxc4 17. Nxc4 Bxe1 18. b3 Bc3 19. Ba3 Qe6 20. Rc1 Bb4 21. Nf3 e4
22. Nh2 Qd5 0-1

[Event "Titled Tue 20th May Late"]
[Site "chess.com INT"]
[Date "2025.05.20"]
[Round "9"]
[White "Ribeiro, Matheus Mendes Domingues"]
[Black "Naranjo Moreno, Antonio"]
[Result "0-1"]
[WhiteTitle "FM"]
[BlackTitle "FM"]
[WhiteElo "2294"]
[BlackElo "2289"]
[WhiteFideId "324226923"]
[BlackFideId "2278626"]
[EventDate "2025.05.20"]

1. Nf3 Nf6 2. c4 g6 3. g3 Bg7 4. Bg2 O-O 5. O-O d6 6. d4 Nc6 7. Nc3 a6 8. Bf4
Rb8 9. c5 h6 10. h4 Nh5 11. Be3 f5 12. d5 Ne5 13. Bd4 f4 14. Ne4 Bf5 15. Nxe5
dxe5 16. Bc3 fxg3 17. Nxg3 Nf4 18. e4 Bh3 19. h5 Bxg2 20. Re1 Qd7 21. f3 Qh3 22.
Kf2 Qh2 23. Rg1 Nh3+ 24. Ke3 Nxg1 25. Qxg1 Qxg3 0-1

[Event "Titled Tue 20th May Late"]
[Site "chess.com INT"]
[Date "2025.05.20"]
[Round "9"]
[White "Noy, Eyal"]
[Black "Bernabeu Lopez, Carlos Javier"]
[Result "0-1"]
[WhiteTitle "FM"]
[BlackTitle "FM"]
[WhiteElo "2346"]
[BlackElo "2402"]
[WhiteFideId "2821117"]
[BlackFideId "2235366"]
[EventDate "2025.05.20"]

1. e4 g6 2. d4 Bg7 3. Nc3 d6 4. h4 a6 5. h5 Nc6 6. h6 Bxd4 7. Nf3 Bxc3+ 8. bxc3
Nf6 9. Bd3 Bg4 10. Bg5 Qd7 11. Qd2 Bxf3 12. gxf3 O-O 13. Qf4 Qe6 14. Qe3 Qe5 15.
Kd2 Rad8 16. f4 Qc5 17. Qxc5 dxc5 18. Ke3 b5 19. c4 b4 20. e5 Ng4+ 21. Kf3 f6
22. Bh4 Nxh6 23. Bxf6 exf6 24. Rxh6 fxe5 25. Rg1 Rxf4+ 26. Ke3 Ne7 27. Rh5 Rxd3+
28. cxd3 Nf5+ 29. Ke2 Kg7 30. Rh3 a5 31. Rf3 Nd4+ 0-1

[Event "Titled Tue 20th May Late"]
[Site "chess.com INT"]
[Date "2025.05.20"]
[Round "9"]
[White "Moreira, Ronaldo Alonso"]
[Black "Aung Thant Zin"]
[Result "1-0"]
[BlackTitle "FM"]
[WhiteElo "2097"]
[BlackElo "2268"]
[WhiteFideId "2110547"]
[BlackFideId "13000063"]
[EventDate "2025.05.20"]

1. d4 Nf6 2. c4 e6 3. Nc3 d5 4. cxd5 exd5 5. Bg5 c6 6. e3 Be7 7. Bd3 Nbd7 8. Nf3
O-O 9. O-O Re8 10. Rb1 Nf8 11. b4 b5 12. Qc2 a5 13. a3 axb4 14. axb4 Ng6 15. Ne2
Bd7 16. Nf4 Ne4 17. Bxe7 Qxe7 18. Nxg6 hxg6 19. Ne5 Qd6 20. Bxe4 dxe4 21. Qxe4
Bf5 22. Qxc6 Qxc6 23. Nxc6 Bxb1 24. Rxb1 Kf8 25. Ne5 Ra2 26. Rc1 Rea8 27. g3 Ra1
28. Rf1 R8a4 29. Rxa1 Rxa1+ 30. Kg2 Rb1 31. Nc6 Ke8 32. Kf3 Kd7 33. Ne5+ Ke6 34.
Nd3 Rb3 35. Nc5+ 1-0

[Event "Titled Tue 20th May Late"]
[Site "chess.com INT"]
[Date "2025.05.20"]
[Round "9"]
[White "Flores Mirabal, Nancy"]
[Black "Skramstad, Oda Kofoed"]
[Result "0-1"]
[WhiteTitle "WCM"]
[BlackTitle "WCM"]
[WhiteElo "2050"]
[BlackElo "1898"]
[WhiteFideId "109339"]
[BlackFideId "1564862"]
[EventDate "2025.05.20"]

1. c4 c5 2. Nc3 Nc6 3. g3 g6 4. Bg2 Bg7 5. e4 d6 6. Nge2 e6 7. O-O Nge7 8. d3
O-O 9. Be3 Rb8 10. Rb1 a6 11. a3 b5 12. cxb5 axb5 13. b4 c4 14. dxc4 bxc4 15.
Nd4 Ne5 16. b5 Qa5 17. Qc2 Bb7 18. a4 d5 19. exd5 exd5 20. Bg5 f6 21. Bf4 Rfd8
22. Rfe1 Qb6 23. a5 Qxd4 24. a6 Ba8 25. Be3 Qd3 26. Qb2 d4 27. Bf1 Qxc3 28. Qa2
Nf3+ 29. Kg2 Nxe1+ 30. Kh3 dxe3 31. Bxc4+ Kh8 32. fxe3 Bg2+ 33. Kh4 Rd4+ 34.
exd4 Qxd4+ 35. g4 g5+ 36. Kh5 Be4 37. Bf7 Bg6+ 38. Bxg6 hxg6# 0-1

[Event "Titled Tue 20th May Late"]
[Site "chess.com INT"]
[Date "2025.05.20"]
[Round "9"]
[White "Behzad Nazif, Parva"]
[Black "Bhatia, Kanishka"]
[Result "0-1"]
[WhiteTitle "WIM"]
[BlackTitle "WCM"]
[WhiteElo "2090"]
[BlackElo "1979"]
[WhiteFideId "12563790"]
[BlackFideId "2410095"]
[EventDate "2025.05.20"]

1. e4 c5 2. Nf3 Nc6 3. Bb5 g6 4. O-O Bg7 5. c3 Nf6 6. Re1 e5 7. Bxc6 dxc6 8.
Nxe5 O-O 9. Nf3 Qd3 10. Ne5 Qd6 11. d4 cxd4 12. cxd4 c5 13. Nxf7 Rxf7 14. e5
Qxd4 15. Qxd4 cxd4 16. exf6 Bxf6 17. Re8+ Rf8 18. Rxf8+ Kxf8 19. Bh6+ Kf7 20.
Nd2 Bf5 21. Rc1 Re8 22. h3 g5 23. h4 gxh4 24. Bf4 d3 25. Rc7+ Re7 26. Rc5 Bg6
27. Kh2 Bxb2 28. Bg5 Bf6 29. Be3 b6 30. Rd5 Ke6 31. Rd8 Rc7 32. a4 Bxd8 0-1

[Event "Titled Tue 20th May Late"]
[Site "chess.com INT"]
[Date "2025.05.20"]
[Round "9"]
[White "Wuebker, Paul-Luca"]
[Black "Goncharov, Vladimir"]
[Result "1/2-1/2"]
[WhiteTitle "CM"]
[WhiteElo "2244"]
[BlackElo "2077"]
[WhiteFideId "12939528"]
[BlackFideId "34162256"]
[EventDate "2025.05.20"]

1. e4 e6 2. Nf3 d5 3. exd5 exd5 4. d4 Nc6 5. Be2 Bd6 6. O-O Nge7 7. Bg5 h6 8.
Bh4 Bf5 9. c3 O-O 10. Nbd2 Qd7 11. Bg3 Ng6 12. Nh4 Bxg3 13. hxg3 Nxh4 14. gxh4
Rfe8 15. Re1 Ne7 16. Bf3 Ng6 17. g3 c6 18. Qa4 a6 19. Bg2 Bd3 20. Nf3 Be4 21.
Re3 Bxf3 22. Rxe8+ Rxe8 23. Bxf3 Qf5 24. Kg2 Nf8 25. Qd1 Nh7 26. Qb1 Qd7 27. Qd3
Nf6 28. a4 g6 29. a5 Kg7 30. b4 g5 31. hxg5 hxg5 32. Rh1 g4 33. Bd1 Re4 34. Bc2
Qe6 35. Qd2 Kf8 36. Bxe4 Qxe4+ 37. Kg1 Qb1+ 38. Kh2 Qh7+ 39. Kg2 Qe4+ 40. Kg1
Qb1+ 41. Kh2 Qh7+ 42. Kg2 Qe4+ 1/2-1/2

[Event "Titled Tue 20th May Late"]
[Site "chess.com INT"]
[Date "2025.05.20"]
[Round "9"]
[White "Asish Panda"]
[Black "Barrientos, Ernesto"]
[Result "1-0"]
[BlackTitle "CM"]
[WhiteElo "1911"]
[BlackElo "2027"]
[WhiteFideId "45012458"]
[BlackFideId "3701247"]
[EventDate "2025.05.20"]

1. e4 c5 2. Nf3 d6 3. d4 cxd4 4. Qxd4 Nc6 5. Bb5 Nf6 6. e5 Qa5+ 7. Nc3 Qxb5 8.
Nxb5 Nxd4 9. Nbxd4 dxe5 10. Nxe5 Nd7 11. Nef3 a6 12. Be3 e5 13. Nb3 Be7 14.
O-O-O O-O 15. Rhe1 f5 16. Bg5 Bf6 17. Bxf6 gxf6 18. Rd6 Kf7 19. Red1 Ke7 20. Nh4
Nb8 21. Na5 Rg8 22. f3 Ra7 23. Rb6 Nd7 24. Nxf5+ Kf8 25. Rbd6 b6 26. Nc4 Rxg2
27. Nxb6 Rc7 28. c3 Nxb6 29. Rxf6+ Ke8 30. Nd6+ Ke7 31. Rf7+ Ke6 32. Rxc7 Rf2
33. Ne4 Bd7 34. Nxf2 1-0

[Event "Titled Tue 20th May Late"]
[Site "chess.com INT"]
[Date "2025.05.20"]
[Round "9"]
[White "Plat, Vojtech"]
[Black "Xiong, Jeffery"]
[Result "1-0"]
[WhiteTitle "GM"]
[BlackTitle "GM"]
[WhiteElo "2482"]
[BlackElo "2636"]
[WhiteFideId "325740"]
[BlackFideId "2047640"]
[EventDate "2025.05.20"]

1. e4 c5 2. Nf3 Nc6 3. c3 e6 4. d4 cxd4 5. cxd4 d5 6. e5 Nge7 7. Nc3 Nf5 8. Be2
Qb6 9. Na4 Qa5+ 10. Nc3 Qb6 11. Na4 Qa5+ 12. Nc3 Bd7 13. O-O Be7 14. a3 O-O 15.
g4 Nh4 16. Nxh4 Bxh4 17. Be3 f6 18. f4 fxe5 19. dxe5 Rac8 20. g5 Qd8 21. Nb5 h6
22. gxh6 d4 23. Nxd4 Nxd4 24. Qxd4 Qe8 25. f5 Rc2 26. Qxh4 Rxe2 27. Qg4 1-0

[Event "Titled Tue 20th May Late"]
[Site "chess.com INT"]
[Date "2025.05.20"]
[Round "9"]
[White "Pranesh, M"]
[Black "Saidov, Bilukhadzh"]
[Result "1-0"]
[WhiteTitle "GM"]
[BlackTitle "FM"]
[WhiteElo "2576"]
[BlackElo "2309"]
[WhiteFideId "35028600"]
[BlackFideId "34165476"]
[EventDate "2025.05.20"]

1. d4 d5 2. Nf3 Nf6 3. Bg5 Ne4 4. Bf4 Bf5 5. e3 e6 6. Nbd2 Bd6 7. Nxe4 Bxe4 8.
Bd3 Bxf4 9. exf4 Qd6 10. Ne5 Qb4+ 11. c3 Qxb2 12. O-O Qxc3 13. Qa4+ c6 14. Bxe4
dxe4 15. Rac1 b5 16. Qd1 Qa5 17. Qh5 O-O 18. Rfe1 Qxa2 19. Re3 f5 20. Rh3 h6 21.
Rg3 Qd2 22. Rf1 Qxf4 23. Qg6 Qxg3 24. Qxe6+ Kh7 25. fxg3 Rf6 26. Qc8 a5 27. Qb7 1-0

[Event "Titled Tue 20th May Late"]
[Site "chess.com INT"]
[Date "2025.05.20"]
[Round "9"]
[White "Ugarte Soto, Cesar"]
[Black "Sampaoli, Cristian"]
[Result "0-1"]
[WhiteTitle "CM"]
[BlackTitle "CM"]
[WhiteElo "2088"]
[BlackElo "2211"]
[WhiteFideId "3601331"]
[BlackFideId "115800"]
[EventDate "2025.05.20"]

1. d4 d5 2. Bf4 e6 3. e3 c5 4. c3 Nc6 5. Bg3 Bd6 6. Nf3 Nf6 7. Bd3 Ne4 8. Nbd2
f5 9. Bxd6 Qxd6 10. O-O O-O 11. a3 Bd7 12. Rc1 c4 13. Bb1 Be8 14. Ne1 Rf6 15. f4
Rh6 16. Nef3 Bh5 17. Qe1 Rg6 18. Ne5 Nxe5 19. dxe5 Qb6 20. Nxe4 dxe4 21. Rf2 Rd8
22. Rd2 Bf3 23. g3 h5 24. Rd4 h4 25. Kf2 Rxd4 26. cxd4 Qxb2+ 27. Rc2 Qxa3 28.
Qc3 Qxc3 29. Rxc3 hxg3+ 30. hxg3 b5 31. Ra3 Rh6 32. Rxa7 Rh2+ 33. Ke1 Rh1+ 34.
Kd2 Rxb1 35. Re7 b4 36. Rxe6 Rd1+ 37. Kc2 b3+ 38. Kb2 Rd2+ 39. Ka3 Ra2+ 40. Kb4
b2 0-1

[Event "Titled Tue 20th May Late"]
[Site "chess.com INT"]
[Date "2025.05.20"]
[Round "9"]
[White "Demchenko, Anton"]
[Black "Bernadskiy, Vitaliy"]
[Result "0-1"]
[WhiteTitle "GM"]
[BlackTitle "GM"]
[WhiteElo "2619"]
[BlackElo "2523"]
[WhiteFideId "4160258"]
[BlackFideId "14100371"]
[EventDate "2025.05.20"]

1. e4 Nc6 2. Nf3 d6 3. d4 Nf6 4. Nc3 g6 5. Be3 Bg7 6. d5 Ne5 7. Nxe5 dxe5 8. h3
O-O 9. Bc4 Ne8 10. Qd2 Nd6 11. Bd3 e6 12. O-O-O exd5 13. Nxd5 Be6 14. g4 c6 15.
Nc3 Qa5 16. a3 Rfd8 17. Ne2 Qc7 18. Qc3 a5 19. Qc5 b5 20. f4 Nc4 21. Bxc4 Bxc4
22. Rxd8+ Rxd8 23. Qb6 Qxb6 24. Bxb6 Rb8 25. Bc7 Rc8 26. Bxe5 Bxe5 27. fxe5 Bxe2
28. b3 b4 29. axb4 axb4 30. Re1 Bb5 31. Kd2 Re8 32. Ke3 Rxe5 33. Rd1 Rc5 34. Rd2
Rc3+ 35. Kf4 Kg7 36. h4 h6 37. g5 h5 38. Rd7 Rh3 39. e5 Rxh4+ 40. Ke3 Kf8 41.
Rb7 Rh2 42. Rb8+ Ke7 43. Kd4 h4 44. Rb7+ Ke6 0-1

[Event "Titled Tue 20th May Late"]
[Site "chess.com INT"]
[Date "2025.05.20"]
[Round "9"]
[White "Goryachkina, Aleksandra"]
[Black "Toncheva, Nadya"]
[Result "1/2-1/2"]
[WhiteTitle "GM"]
[BlackTitle "FM"]
[WhiteElo "2544"]
[BlackElo "2332"]
[WhiteFideId "4147103"]
[BlackFideId "2924056"]
[EventDate "2025.05.20"]

1. c4 c5 2. Nf3 Nc6 3. Nc3 e5 4. e3 Nf6 5. Be2 d6 6. d4 cxd4 7. exd4 Be7 8. O-O
O-O 9. h3 Re8 10. Be3 exd4 11. Nxd4 Nxd4 12. Bxd4 Be6 13. Rc1 d5 14. Bxf6 Bxf6
15. cxd5 Bxc3 16. dxe6 Qxd1 17. exf7+ Kxf7 18. Bxd1 Bxb2 19. Rb1 Bd4 20. Rxb7+
Re7 21. Bb3+ Kf6 22. Rxe7 Kxe7 23. Re1+ Kf6 24. Re6+ Kf5 25. g4+ Kg5 26. Kg2 Rf8
27. f3 h5 28. Re4 Rd8 29. f4+ Kh4 30. g5 Bb6 31. Bc4 Rd2+ 32. Be2 Rxa2 33. g6
Ra3 34. Bf3 Ra2+ 35. Be2 Ra3 36. Bf3 Ra2+ 37. Be2 1/2-1/2